<?xml version="1.0" encoding="UTF-8"?>
<record
    xmlns:xsi="http://www.w3.org/2001/XMLSchema-instance"
    xsi:schemaLocation="http://www.loc.gov/MARC21/slim http://www.loc.gov/standards/marcxml/schema/MARC21slim.xsd"
    xmlns="http://www.loc.gov/MARC21/slim">

  <leader>01331nas a2200253 454500</leader>
  <controlfield tag="001">4314</controlfield>
  <controlfield tag="005">20260407193504.0</controlfield>
  <controlfield tag="008">260407s2003####ag###########|||spa#d</controlfield>
  <controlfield tag="003">AR-UNSa-BCEJYS</controlfield>
  <datafield tag="040" ind1=" " ind2=" ">
    <subfield code="a">AR-UNSa-BCEJYS</subfield>
    <subfield code="b">spa</subfield>
    <subfield code="c">AR-UNSa-BCEJYS</subfield>
  </datafield>
  <datafield tag="080" ind1=" " ind2=" ">
    <subfield code="a">34</subfield>
    <subfield code="x">Derecho</subfield>
  </datafield>
  <datafield tag="245" ind1="1" ind2="0">
    <subfield code="a">Academia</subfield>
    <subfield code="p">Revista sobre ense&#xF1;anza del derecho de Buenos Aires</subfield>
  </datafield>
  <datafield tag="022" ind1=" " ind2=" ">
    <subfield code="a">1667-4154</subfield>
  </datafield>
  <datafield tag="264" ind1=" " ind2="1">
    <subfield code="a">Buenos Aires :</subfield>
    <subfield code="b">Universidad de Buenos Aires. Facultad de Derecho. Departamento de Publicaciones</subfield>
    <subfield code="c">2003</subfield>
  </datafield>
  <datafield tag="310" ind1=" " ind2=" ">
    <subfield code="a">Periodicidad: Trimestral
A partir del a&#xF1;o 2006 la periodicidad es Semestral
A partir del N&#xBA; 17 ingresan como Directores Mar&#xED;a Laura Cl&#xE9;rico y Gonzalo Alvarez</subfield>
  </datafield>
  <datafield tag="505" ind1=" " ind2=" ">
    <subfield code="a">Los objetivos de la publicaci&#xF3;n, son promover estudios e investigaciones, provocar debates especializados, producir reflexiones te&#xF3;ricas, difundir informes derivados de investigaciones, de pr&#xE1;cticas docentes, traducciones y presentar rese&#xF1;as bibliogr&#xE1;ficas referidas a temas relacionados con la ense&#xF1;anza y aprendizaje del derecho y temas afines.</subfield>
  </datafield>
  <datafield tag="942" ind1=" " ind2=" ">
    <subfield code="c">SER</subfield>
  </datafield>
  <datafield tag="590" ind1=" " ind2=" ">
    <subfield code="a">niveau_biblio:s niveau_hierar:1</subfield>
  </datafield>
  <datafield tag="100" ind1="1" ind2=" ">
    <subfield code="a">Beloff, Mary</subfield>
  </datafield>
  <datafield tag="700" ind1="1" ind2=" ">
    <subfield code="a">Cl&#xE9;rico, Mar&#xED;a Laura</subfield>
  </datafield>
  <datafield tag="650" ind1=" " ind2=" ">
    <subfield code="a">Ense&#xF1;anza superior</subfield>
  </datafield>
  <datafield tag="650" ind1=" " ind2=" ">
    <subfield code="a">Derecho</subfield>
  </datafield>
  <datafield tag="856" ind1="4" ind2="1">
    <subfield code="u">https://biblioeco.unsa.edu.ar/pmb/images/revistas/R09858.jpg</subfield>
    <subfield code="y">Imagen de portada</subfield>
    <subfield code="q">image/jpeg</subfield>
  </datafield>
  <datafield tag="999" ind1=" " ind2=" ">
    <subfield code="c">8405</subfield>
    <subfield code="d">8405</subfield>
  </datafield>
  <datafield tag="952" ind1=" " ind2=" ">
    <subfield code="0">0</subfield>
    <subfield code="1">0</subfield>
    <subfield code="4">0</subfield>
    <subfield code="7">0</subfield>
    <subfield code="a">BCEJYS</subfield>
    <subfield code="b">BCEJYS</subfield>
    <subfield code="c">17</subfield>
    <subfield code="d">2024-07-01</subfield>
    <subfield code="h">A&#xF1;o 22, N&#xB0; 44 - jul./dic. 2024</subfield>
    <subfield code="l">0</subfield>
    <subfield code="o">H34 ARD 44</subfield>
    <subfield code="p">R23501</subfield>
    <subfield code="r">2026-04-10 16:06:46</subfield>
    <subfield code="w">2026-04-10</subfield>
    <subfield code="y">RN</subfield>
  </datafield>
  <datafield tag="952" ind1=" " ind2=" ">
    <subfield code="0">0</subfield>
    <subfield code="1">0</subfield>
    <subfield code="4">0</subfield>
    <subfield code="7">0</subfield>
    <subfield code="a">BCEJYS</subfield>
    <subfield code="b">BCEJYS</subfield>
    <subfield code="c">17</subfield>
    <subfield code="d">2024-01-01</subfield>
    <subfield code="h">A&#xF1;o 22, N&#xB0; 43 - ene./jun. 2024</subfield>
    <subfield code="l">0</subfield>
    <subfield code="o">H34 ARD 43</subfield>
    <subfield code="p">R23500</subfield>
    <subfield code="r">2026-04-10 16:06:46</subfield>
    <subfield code="w">2026-04-10</subfield>
    <subfield code="y">RN</subfield>
  </datafield>
  <datafield tag="952" ind1=" " ind2=" ">
    <subfield code="0">0</subfield>
    <subfield code="1">0</subfield>
    <subfield code="4">0</subfield>
    <subfield code="7">0</subfield>
    <subfield code="a">BCEJYS</subfield>
    <subfield code="b">BCEJYS</subfield>
    <subfield code="c">17</subfield>
    <subfield code="d">2023-07-01</subfield>
    <subfield code="h">A&#xF1;o 21, N&#xB0; 42 - jul./dic. 2023</subfield>
    <subfield code="l">0</subfield>
    <subfield code="o">H34 ARD 42</subfield>
    <subfield code="p">R23442</subfield>
    <subfield code="r">2026-04-10 16:06:46</subfield>
    <subfield code="w">2026-04-10</subfield>
    <subfield code="y">RN</subfield>
  </datafield>
  <datafield tag="952" ind1=" " ind2=" ">
    <subfield code="0">0</subfield>
    <subfield code="1">0</subfield>
    <subfield code="4">0</subfield>
    <subfield code="7">0</subfield>
    <subfield code="a">BCEJYS</subfield>
    <subfield code="b">BCEJYS</subfield>
    <subfield code="c">17</subfield>
    <subfield code="d">2023-01-01</subfield>
    <subfield code="h">A&#xF1;o 21, N&#xB0; 41 - ene./jun. 2023</subfield>
    <subfield code="l">0</subfield>
    <subfield code="o">H34 ARD 41</subfield>
    <subfield code="p">R14069</subfield>
    <subfield code="r">2026-04-10 16:06:46</subfield>
    <subfield code="w">2026-04-10</subfield>
    <subfield code="y">RN</subfield>
  </datafield>
  <datafield tag="952" ind1=" " ind2=" ">
    <subfield code="0">0</subfield>
    <subfield code="1">0</subfield>
    <subfield code="4">0</subfield>
    <subfield code="7">0</subfield>
    <subfield code="a">BCEJYS</subfield>
    <subfield code="b">BCEJYS</subfield>
    <subfield code="c">17</subfield>
    <subfield code="d">2022-07-01</subfield>
    <subfield code="h">A&#xF1;o 20, N&#xB0; 40 - jul./dic. 2022</subfield>
    <subfield code="l">0</subfield>
    <subfield code="o">H34 ARD 40</subfield>
    <subfield code="p">R09835</subfield>
    <subfield code="r">2026-04-10 16:06:46</subfield>
    <subfield code="w">2026-04-10</subfield>
    <subfield code="y">RN</subfield>
  </datafield>
  <datafield tag="952" ind1=" " ind2=" ">
    <subfield code="0">0</subfield>
    <subfield code="1">0</subfield>
    <subfield code="4">0</subfield>
    <subfield code="7">0</subfield>
    <subfield code="a">BCEJYS</subfield>
    <subfield code="b">BCEJYS</subfield>
    <subfield code="c">17</subfield>
    <subfield code="d">2022-01-01</subfield>
    <subfield code="h">A&#xF1;o 19, N&#xB0; 39 - ene./jun. 2022</subfield>
    <subfield code="l">0</subfield>
    <subfield code="o">H34 ARD 39</subfield>
    <subfield code="p">R10482</subfield>
    <subfield code="r">2026-04-10 16:06:46</subfield>
    <subfield code="w">2026-04-10</subfield>
    <subfield code="y">RN</subfield>
  </datafield>
  <datafield tag="952" ind1=" " ind2=" ">
    <subfield code="0">0</subfield>
    <subfield code="1">0</subfield>
    <subfield code="4">0</subfield>
    <subfield code="7">0</subfield>
    <subfield code="a">BCEJYS</subfield>
    <subfield code="b">BCEJYS</subfield>
    <subfield code="c">17</subfield>
    <subfield code="d">2021-07-01</subfield>
    <subfield code="h">A&#xF1;o 19, N&#xB0; 38 - jul./dic. 2021</subfield>
    <subfield code="l">0</subfield>
    <subfield code="o">H34 ARD 38</subfield>
    <subfield code="p">R10484</subfield>
    <subfield code="r">2026-04-10 16:06:46</subfield>
    <subfield code="w">2026-04-10</subfield>
    <subfield code="y">RN</subfield>
  </datafield>
  <datafield tag="952" ind1=" " ind2=" ">
    <subfield code="0">0</subfield>
    <subfield code="1">0</subfield>
    <subfield code="4">0</subfield>
    <subfield code="7">0</subfield>
    <subfield code="a">BCEJYS</subfield>
    <subfield code="b">BCEJYS</subfield>
    <subfield code="c">17</subfield>
    <subfield code="d">2021-01-01</subfield>
    <subfield code="h">A&#xF1;o 18, N&#xB0; 37 - ene./jun. 2021</subfield>
    <subfield code="l">0</subfield>
    <subfield code="o">H34 ARD 37</subfield>
    <subfield code="p">R10389</subfield>
    <subfield code="r">2026-04-10 16:06:46</subfield>
    <subfield code="w">2026-04-10</subfield>
    <subfield code="y">RN</subfield>
  </datafield>
  <datafield tag="952" ind1=" " ind2=" ">
    <subfield code="0">0</subfield>
    <subfield code="1">0</subfield>
    <subfield code="4">0</subfield>
    <subfield code="7">0</subfield>
    <subfield code="a">BCEJYS</subfield>
    <subfield code="b">BCEJYS</subfield>
    <subfield code="c">17</subfield>
    <subfield code="d">2020-07-01</subfield>
    <subfield code="h">A&#xF1;o 18, N&#xB0; 36 - jul./dic. 2020</subfield>
    <subfield code="l">0</subfield>
    <subfield code="o">H34 ARD 36</subfield>
    <subfield code="p">R00457</subfield>
    <subfield code="r">2026-04-10 16:06:46</subfield>
    <subfield code="w">2026-04-10</subfield>
    <subfield code="y">RN</subfield>
  </datafield>
  <datafield tag="952" ind1=" " ind2=" ">
    <subfield code="0">0</subfield>
    <subfield code="1">0</subfield>
    <subfield code="4">0</subfield>
    <subfield code="7">0</subfield>
    <subfield code="a">BCEJYS</subfield>
    <subfield code="b">BCEJYS</subfield>
    <subfield code="c">17</subfield>
    <subfield code="d">2020-01-01</subfield>
    <subfield code="h">A&#xF1;o 17, N&#xB0; 35 - ene./jun. 2020</subfield>
    <subfield code="l">0</subfield>
    <subfield code="o">H34 ARD 35</subfield>
    <subfield code="p">R00439</subfield>
    <subfield code="r">2026-04-10 16:06:46</subfield>
    <subfield code="w">2026-04-10</subfield>
    <subfield code="y">RN</subfield>
  </datafield>
  <datafield tag="952" ind1=" " ind2=" ">
    <subfield code="0">0</subfield>
    <subfield code="1">0</subfield>
    <subfield code="4">0</subfield>
    <subfield code="7">0</subfield>
    <subfield code="a">BCEJYS</subfield>
    <subfield code="b">BCEJYS</subfield>
    <subfield code="c">17</subfield>
    <subfield code="d">2019-07-01</subfield>
    <subfield code="h">A&#xF1;o 17, N&#xB0; 34 - jul./dic. 2019</subfield>
    <subfield code="l">0</subfield>
    <subfield code="o">H34 ARD 34</subfield>
    <subfield code="p">R00459</subfield>
    <subfield code="r">2026-04-10 16:06:46</subfield>
    <subfield code="w">2026-04-10</subfield>
    <subfield code="y">RN</subfield>
  </datafield>
  <datafield tag="952" ind1=" " ind2=" ">
    <subfield code="0">0</subfield>
    <subfield code="1">0</subfield>
    <subfield code="4">0</subfield>
    <subfield code="7">0</subfield>
    <subfield code="a">BCEJYS</subfield>
    <subfield code="b">BCEJYS</subfield>
    <subfield code="c">17</subfield>
    <subfield code="d">2019-01-01</subfield>
    <subfield code="h">A&#xF1;o 17, N&#xBA; 33 - ene./jun. 2019</subfield>
    <subfield code="l">0</subfield>
    <subfield code="o">H34 ARD 33</subfield>
    <subfield code="p">R09858</subfield>
    <subfield code="r">2026-04-10 16:06:46</subfield>
    <subfield code="w">2026-04-10</subfield>
    <subfield code="y">RN</subfield>
  </datafield>
  <datafield tag="952" ind1=" " ind2=" ">
    <subfield code="0">0</subfield>
    <subfield code="1">0</subfield>
    <subfield code="4">0</subfield>
    <subfield code="7">0</subfield>
    <subfield code="a">BCEJYS</subfield>
    <subfield code="b">BCEJYS</subfield>
    <subfield code="c">17</subfield>
    <subfield code="d">2018-07-01</subfield>
    <subfield code="h">A&#xF1;o 16, N&#xBA; 32 - jul./dic. 2018</subfield>
    <subfield code="l">0</subfield>
    <subfield code="o">H34 ARD 32</subfield>
    <subfield code="p">R00438</subfield>
    <subfield code="r">2026-04-10 16:06:46</subfield>
    <subfield code="w">2026-04-10</subfield>
    <subfield code="y">RN</subfield>
  </datafield>
  <datafield tag="952" ind1=" " ind2=" ">
    <subfield code="0">0</subfield>
    <subfield code="1">0</subfield>
    <subfield code="4">0</subfield>
    <subfield code="7">0</subfield>
    <subfield code="a">BCEJYS</subfield>
    <subfield code="b">BCEJYS</subfield>
    <subfield code="c">17</subfield>
    <subfield code="d">2018-01-01</subfield>
    <subfield code="h">A&#xF1;o 16, N&#xBA; 31 - ene./jun. 2018</subfield>
    <subfield code="l">0</subfield>
    <subfield code="o">H34 ARD 31</subfield>
    <subfield code="p">R22267</subfield>
    <subfield code="r">2026-04-10 16:06:46</subfield>
    <subfield code="w">2026-04-10</subfield>
    <subfield code="y">RN</subfield>
  </datafield>
  <datafield tag="952" ind1=" " ind2=" ">
    <subfield code="0">0</subfield>
    <subfield code="1">0</subfield>
    <subfield code="4">0</subfield>
    <subfield code="7">0</subfield>
    <subfield code="a">BCEJYS</subfield>
    <subfield code="b">BCEJYS</subfield>
    <subfield code="c">17</subfield>
    <subfield code="d">2017-07-01</subfield>
    <subfield code="h">A&#xF1;o 15, N&#xBA; 30 - jul./dic. 2017</subfield>
    <subfield code="l">0</subfield>
    <subfield code="o">H34 ARD 30</subfield>
    <subfield code="p">R22081</subfield>
    <subfield code="r">2026-04-10 16:06:46</subfield>
    <subfield code="w">2026-04-10</subfield>
    <subfield code="y">RN</subfield>
  </datafield>
  <datafield tag="952" ind1=" " ind2=" ">
    <subfield code="0">0</subfield>
    <subfield code="1">0</subfield>
    <subfield code="4">0</subfield>
    <subfield code="7">0</subfield>
    <subfield code="a">BCEJYS</subfield>
    <subfield code="b">BCEJYS</subfield>
    <subfield code="c">17</subfield>
    <subfield code="d">2017-01-01</subfield>
    <subfield code="h">A&#xF1;o 15, N&#xBA; 29 - ene./jun. 2017</subfield>
    <subfield code="l">0</subfield>
    <subfield code="o">H34 ARD 29</subfield>
    <subfield code="p">R21800</subfield>
    <subfield code="r">2026-04-10 16:06:46</subfield>
    <subfield code="w">2026-04-10</subfield>
    <subfield code="y">RN</subfield>
  </datafield>
  <datafield tag="952" ind1=" " ind2=" ">
    <subfield code="0">0</subfield>
    <subfield code="1">0</subfield>
    <subfield code="4">0</subfield>
    <subfield code="7">0</subfield>
    <subfield code="a">BCEJYS</subfield>
    <subfield code="b">BCEJYS</subfield>
    <subfield code="c">17</subfield>
    <subfield code="d">2016-07-01</subfield>
    <subfield code="h">A&#xF1;o 14, N&#xBA; 28 - jul./dic. 2016</subfield>
    <subfield code="l">0</subfield>
    <subfield code="o">H34 ARD 28</subfield>
    <subfield code="p">R21154</subfield>
    <subfield code="r">2026-04-10 16:06:46</subfield>
    <subfield code="w">2026-04-10</subfield>
    <subfield code="y">RN</subfield>
  </datafield>
  <datafield tag="952" ind1=" " ind2=" ">
    <subfield code="0">0</subfield>
    <subfield code="1">0</subfield>
    <subfield code="4">0</subfield>
    <subfield code="7">0</subfield>
    <subfield code="a">BCEJYS</subfield>
    <subfield code="b">BCEJYS</subfield>
    <subfield code="c">17</subfield>
    <subfield code="d">2016-01-01</subfield>
    <subfield code="h">A&#xF1;o 14, N&#xBA; 27 - ene./jun. 2016</subfield>
    <subfield code="l">0</subfield>
    <subfield code="o">H34 ARD 27</subfield>
    <subfield code="p">R20559</subfield>
    <subfield code="r">2026-04-10 16:06:46</subfield>
    <subfield code="w">2026-04-10</subfield>
    <subfield code="y">RN</subfield>
  </datafield>
  <datafield tag="952" ind1=" " ind2=" ">
    <subfield code="0">0</subfield>
    <subfield code="1">0</subfield>
    <subfield code="4">0</subfield>
    <subfield code="7">0</subfield>
    <subfield code="a">BCEJYS</subfield>
    <subfield code="b">BCEJYS</subfield>
    <subfield code="c">17</subfield>
    <subfield code="d">2015-07-01</subfield>
    <subfield code="h">A&#xF1;o 13, N&#xBA; 26 - jul./dic. 2015</subfield>
    <subfield code="l">0</subfield>
    <subfield code="o">H34 ARD 26</subfield>
    <subfield code="p">R20558</subfield>
    <subfield code="r">2026-04-10 16:06:46</subfield>
    <subfield code="w">2026-04-10</subfield>
    <subfield code="y">RN</subfield>
  </datafield>
  <datafield tag="952" ind1=" " ind2=" ">
    <subfield code="0">0</subfield>
    <subfield code="1">0</subfield>
    <subfield code="4">0</subfield>
    <subfield code="7">0</subfield>
    <subfield code="a">BCEJYS</subfield>
    <subfield code="b">BCEJYS</subfield>
    <subfield code="c">17</subfield>
    <subfield code="d">2015-01-01</subfield>
    <subfield code="h">A&#xF1;o 13, N&#xBA; 25 - ene./jun. 2015</subfield>
    <subfield code="l">0</subfield>
    <subfield code="o">H34 ARD 25</subfield>
    <subfield code="p">R20625</subfield>
    <subfield code="r">2026-04-10 16:06:46</subfield>
    <subfield code="w">2026-04-10</subfield>
    <subfield code="y">RN</subfield>
  </datafield>
  <datafield tag="952" ind1=" " ind2=" ">
    <subfield code="0">0</subfield>
    <subfield code="1">0</subfield>
    <subfield code="4">0</subfield>
    <subfield code="7">0</subfield>
    <subfield code="a">BCEJYS</subfield>
    <subfield code="b">BCEJYS</subfield>
    <subfield code="c">17</subfield>
    <subfield code="d">2014-07-01</subfield>
    <subfield code="h">A&#xF1;o 12, N&#xBA; 24 - jul./dic. 2014</subfield>
    <subfield code="l">0</subfield>
    <subfield code="o">H34 ARD 24</subfield>
    <subfield code="p">R14703</subfield>
    <subfield code="r">2026-04-10 16:06:46</subfield>
    <subfield code="w">2026-04-10</subfield>
    <subfield code="y">RN</subfield>
  </datafield>
  <datafield tag="952" ind1=" " ind2=" ">
    <subfield code="0">0</subfield>
    <subfield code="1">0</subfield>
    <subfield code="4">0</subfield>
    <subfield code="7">0</subfield>
    <subfield code="a">BCEJYS</subfield>
    <subfield code="b">BCEJYS</subfield>
    <subfield code="c">17</subfield>
    <subfield code="d">2014-01-01</subfield>
    <subfield code="h">A&#xF1;o 12, N&#xBA; 23 - ene./jun. 2014</subfield>
    <subfield code="l">0</subfield>
    <subfield code="o">H34 ARD 23</subfield>
    <subfield code="p">R13503</subfield>
    <subfield code="r">2026-04-10 16:06:46</subfield>
    <subfield code="w">2026-04-10</subfield>
    <subfield code="y">RN</subfield>
  </datafield>
  <datafield tag="952" ind1=" " ind2=" ">
    <subfield code="0">0</subfield>
    <subfield code="1">0</subfield>
    <subfield code="4">0</subfield>
    <subfield code="7">0</subfield>
    <subfield code="a">BCEJYS</subfield>
    <subfield code="b">BCEJYS</subfield>
    <subfield code="c">17</subfield>
    <subfield code="d">2013-01-01</subfield>
    <subfield code="h">A&#xF1;o 11, N&#xBA; 22 - ene./jun. 2013</subfield>
    <subfield code="l">0</subfield>
    <subfield code="o">H34 ARD 22</subfield>
    <subfield code="p">R13661</subfield>
    <subfield code="r">2026-04-10 16:06:46</subfield>
    <subfield code="w">2026-04-10</subfield>
    <subfield code="y">RN</subfield>
  </datafield>
  <datafield tag="952" ind1=" " ind2=" ">
    <subfield code="0">0</subfield>
    <subfield code="1">0</subfield>
    <subfield code="4">0</subfield>
    <subfield code="7">0</subfield>
    <subfield code="a">BCEJYS</subfield>
    <subfield code="b">BCEJYS</subfield>
    <subfield code="c">17</subfield>
    <subfield code="d">2013-01-01</subfield>
    <subfield code="h">A&#xF1;o 11, N&#xBA;21 - ene./jun. 2013</subfield>
    <subfield code="l">0</subfield>
    <subfield code="o">H34 ARD 21</subfield>
    <subfield code="p">R10592</subfield>
    <subfield code="r">2026-04-10 16:06:46</subfield>
    <subfield code="w">2026-04-10</subfield>
    <subfield code="y">RN</subfield>
  </datafield>
  <datafield tag="952" ind1=" " ind2=" ">
    <subfield code="0">0</subfield>
    <subfield code="1">0</subfield>
    <subfield code="4">0</subfield>
    <subfield code="7">0</subfield>
    <subfield code="a">BCEJYS</subfield>
    <subfield code="b">BCEJYS</subfield>
    <subfield code="c">17</subfield>
    <subfield code="d">2012-07-01</subfield>
    <subfield code="h">A&#xF1;o 10, N&#xBA; 20 - jul./dic.2012</subfield>
    <subfield code="l">0</subfield>
    <subfield code="o">H34 ARD 20</subfield>
    <subfield code="p">R08016</subfield>
    <subfield code="r">2026-04-10 16:06:46</subfield>
    <subfield code="w">2026-04-10</subfield>
    <subfield code="y">RN</subfield>
  </datafield>
  <datafield tag="952" ind1=" " ind2=" ">
    <subfield code="0">0</subfield>
    <subfield code="1">0</subfield>
    <subfield code="4">0</subfield>
    <subfield code="7">0</subfield>
    <subfield code="a">BCEJYS</subfield>
    <subfield code="b">BCEJYS</subfield>
    <subfield code="c">17</subfield>
    <subfield code="d">2012-01-01</subfield>
    <subfield code="h">A&#xF1;o 10, N&#xBA; 19 - ene./jun. 2012</subfield>
    <subfield code="l">0</subfield>
    <subfield code="o">H34 ARD 19</subfield>
    <subfield code="p">R05841</subfield>
    <subfield code="r">2026-04-10 16:06:46</subfield>
    <subfield code="w">2026-04-10</subfield>
    <subfield code="y">RN</subfield>
  </datafield>
  <datafield tag="952" ind1=" " ind2=" ">
    <subfield code="0">0</subfield>
    <subfield code="1">0</subfield>
    <subfield code="4">0</subfield>
    <subfield code="7">0</subfield>
    <subfield code="a">BCEJYS</subfield>
    <subfield code="b">BCEJYS</subfield>
    <subfield code="c">17</subfield>
    <subfield code="d">2011-07-01</subfield>
    <subfield code="h">A&#xF1;o 9, N&#xBA; 18 - jul./dic. 2011</subfield>
    <subfield code="l">0</subfield>
    <subfield code="o">H34 ARD 18</subfield>
    <subfield code="p">R05840</subfield>
    <subfield code="r">2026-04-10 16:06:46</subfield>
    <subfield code="w">2026-04-10</subfield>
    <subfield code="y">RN</subfield>
  </datafield>
  <datafield tag="952" ind1=" " ind2=" ">
    <subfield code="0">0</subfield>
    <subfield code="1">0</subfield>
    <subfield code="4">0</subfield>
    <subfield code="7">0</subfield>
    <subfield code="a">BCEJYS</subfield>
    <subfield code="b">BCEJYS</subfield>
    <subfield code="c">17</subfield>
    <subfield code="d">2011-01-01</subfield>
    <subfield code="h">A&#xF1;o 9, N&#xBA; 17 - ene./jun. 2011</subfield>
    <subfield code="l">0</subfield>
    <subfield code="o">H34 ARD 17</subfield>
    <subfield code="p">R04430</subfield>
    <subfield code="r">2026-04-10 16:06:46</subfield>
    <subfield code="w">2026-04-10</subfield>
    <subfield code="y">RN</subfield>
  </datafield>
  <datafield tag="952" ind1=" " ind2=" ">
    <subfield code="0">0</subfield>
    <subfield code="1">0</subfield>
    <subfield code="4">0</subfield>
    <subfield code="7">0</subfield>
    <subfield code="a">BCEJYS</subfield>
    <subfield code="b">BCEJYS</subfield>
    <subfield code="c">17</subfield>
    <subfield code="d">2010-07-01</subfield>
    <subfield code="h">A&#xF1;o 8, N&#xBA; 16 - jul./dic. 2010</subfield>
    <subfield code="l">0</subfield>
    <subfield code="o">H34 ARD 16</subfield>
    <subfield code="p">R04130</subfield>
    <subfield code="r">2026-04-10 16:06:46</subfield>
    <subfield code="w">2026-04-10</subfield>
    <subfield code="y">RN</subfield>
  </datafield>
  <datafield tag="952" ind1=" " ind2=" ">
    <subfield code="0">0</subfield>
    <subfield code="1">0</subfield>
    <subfield code="4">0</subfield>
    <subfield code="7">0</subfield>
    <subfield code="a">BCEJYS</subfield>
    <subfield code="b">BCEJYS</subfield>
    <subfield code="c">17</subfield>
    <subfield code="d">2010-01-01</subfield>
    <subfield code="h">A&#xF1;o 8, N&#xBA; 15 - ene./jun. 2010</subfield>
    <subfield code="l">0</subfield>
    <subfield code="o">H34 ARD 15</subfield>
    <subfield code="p">R04129</subfield>
    <subfield code="r">2026-04-10 16:06:46</subfield>
    <subfield code="w">2026-04-10</subfield>
    <subfield code="y">RN</subfield>
  </datafield>
  <datafield tag="952" ind1=" " ind2=" ">
    <subfield code="0">0</subfield>
    <subfield code="1">0</subfield>
    <subfield code="4">0</subfield>
    <subfield code="7">0</subfield>
    <subfield code="a">BCEJYS</subfield>
    <subfield code="b">BCEJYS</subfield>
    <subfield code="c">17</subfield>
    <subfield code="d">2009-07-01</subfield>
    <subfield code="h">A&#xF1;o 7, N&#xBA; 14 - jul. /dic. 2009</subfield>
    <subfield code="l">0</subfield>
    <subfield code="o">H34 ARD 14</subfield>
    <subfield code="p">R04128</subfield>
    <subfield code="r">2026-04-10 16:06:46</subfield>
    <subfield code="w">2026-04-10</subfield>
    <subfield code="y">RN</subfield>
  </datafield>
  <datafield tag="952" ind1=" " ind2=" ">
    <subfield code="0">0</subfield>
    <subfield code="1">0</subfield>
    <subfield code="4">0</subfield>
    <subfield code="7">0</subfield>
    <subfield code="a">BCEJYS</subfield>
    <subfield code="b">BCEJYS</subfield>
    <subfield code="c">17</subfield>
    <subfield code="d">2009-01-01</subfield>
    <subfield code="h">A&#xF1;o 7, N&#xBA; 13 - ene./jun. 2009</subfield>
    <subfield code="l">0</subfield>
    <subfield code="o">H34 ARD 13</subfield>
    <subfield code="p">R04126</subfield>
    <subfield code="r">2026-04-10 16:06:46</subfield>
    <subfield code="w">2026-04-10</subfield>
    <subfield code="y">RN</subfield>
  </datafield>
  <datafield tag="952" ind1=" " ind2=" ">
    <subfield code="0">0</subfield>
    <subfield code="1">0</subfield>
    <subfield code="4">0</subfield>
    <subfield code="7">0</subfield>
    <subfield code="a">BCEJYS</subfield>
    <subfield code="b">BCEJYS</subfield>
    <subfield code="c">17</subfield>
    <subfield code="d">2009-01-01</subfield>
    <subfield code="h">A&#xF1;o 7, N&#xBA; 13 - ene./jun. 2009</subfield>
    <subfield code="l">0</subfield>
    <subfield code="o">H34 ARD 13 Ej.2</subfield>
    <subfield code="p">R04127</subfield>
    <subfield code="r">2026-04-10 16:06:46</subfield>
    <subfield code="w">2026-04-10</subfield>
    <subfield code="y">RN</subfield>
  </datafield>
  <datafield tag="952" ind1=" " ind2=" ">
    <subfield code="0">0</subfield>
    <subfield code="1">0</subfield>
    <subfield code="4">0</subfield>
    <subfield code="7">0</subfield>
    <subfield code="a">BCEJYS</subfield>
    <subfield code="b">BCEJYS</subfield>
    <subfield code="c">17</subfield>
    <subfield code="d">2008-07-01</subfield>
    <subfield code="h">A&#xF1;o 6, N&#xBA; 12 - jul./dic. 2008</subfield>
    <subfield code="l">0</subfield>
    <subfield code="o">H34 ARD 12</subfield>
    <subfield code="p">R04125</subfield>
    <subfield code="r">2026-04-10 16:06:46</subfield>
    <subfield code="w">2026-04-10</subfield>
    <subfield code="y">RN</subfield>
  </datafield>
  <datafield tag="952" ind1=" " ind2=" ">
    <subfield code="0">0</subfield>
    <subfield code="1">0</subfield>
    <subfield code="4">0</subfield>
    <subfield code="7">0</subfield>
    <subfield code="a">BCEJYS</subfield>
    <subfield code="b">BCEJYS</subfield>
    <subfield code="c">17</subfield>
    <subfield code="d">2008-01-01</subfield>
    <subfield code="h">A&#xF1;o 6, N&#xBA; 11 - ene./jun. 2008</subfield>
    <subfield code="l">0</subfield>
    <subfield code="o">H34 ARD 11</subfield>
    <subfield code="p">R04124</subfield>
    <subfield code="r">2026-04-10 16:06:46</subfield>
    <subfield code="w">2026-04-10</subfield>
    <subfield code="y">RN</subfield>
  </datafield>
  <datafield tag="952" ind1=" " ind2=" ">
    <subfield code="0">0</subfield>
    <subfield code="1">0</subfield>
    <subfield code="4">0</subfield>
    <subfield code="7">0</subfield>
    <subfield code="a">BCEJYS</subfield>
    <subfield code="b">BCEJYS</subfield>
    <subfield code="c">17</subfield>
    <subfield code="d">2007-07-01</subfield>
    <subfield code="h">A&#xF1;o 5, N&#xBA; 10 - jul./dic. 2007</subfield>
    <subfield code="l">0</subfield>
    <subfield code="o">H34 ARD 10</subfield>
    <subfield code="p">R04123</subfield>
    <subfield code="r">2026-04-10 16:06:46</subfield>
    <subfield code="w">2026-04-10</subfield>
    <subfield code="y">RN</subfield>
  </datafield>
  <datafield tag="952" ind1=" " ind2=" ">
    <subfield code="0">0</subfield>
    <subfield code="1">0</subfield>
    <subfield code="4">0</subfield>
    <subfield code="7">0</subfield>
    <subfield code="a">BCEJYS</subfield>
    <subfield code="b">BCEJYS</subfield>
    <subfield code="c">17</subfield>
    <subfield code="d">2007-01-01</subfield>
    <subfield code="h">A&#xF1;o 5, N&#xBA; 9 - ene./jun. 2007</subfield>
    <subfield code="l">0</subfield>
    <subfield code="o">H34 ARD 9</subfield>
    <subfield code="p">R04122</subfield>
    <subfield code="r">2026-04-10 16:06:46</subfield>
    <subfield code="w">2026-04-10</subfield>
    <subfield code="y">RN</subfield>
  </datafield>
  <datafield tag="952" ind1=" " ind2=" ">
    <subfield code="0">0</subfield>
    <subfield code="1">0</subfield>
    <subfield code="4">0</subfield>
    <subfield code="7">0</subfield>
    <subfield code="a">BCEJYS</subfield>
    <subfield code="b">BCEJYS</subfield>
    <subfield code="c">17</subfield>
    <subfield code="d">2006-07-01</subfield>
    <subfield code="h">A&#xF1;o 4, N&#xBA; 8 - jul./dic. 2006</subfield>
    <subfield code="l">0</subfield>
    <subfield code="o">H34 ARD 8</subfield>
    <subfield code="p">R04121</subfield>
    <subfield code="r">2026-04-10 16:06:46</subfield>
    <subfield code="w">2026-04-10</subfield>
    <subfield code="y">RN</subfield>
  </datafield>
  <datafield tag="952" ind1=" " ind2=" ">
    <subfield code="0">0</subfield>
    <subfield code="1">0</subfield>
    <subfield code="4">0</subfield>
    <subfield code="7">0</subfield>
    <subfield code="a">BCEJYS</subfield>
    <subfield code="b">BCEJYS</subfield>
    <subfield code="c">17</subfield>
    <subfield code="d">2006-01-01</subfield>
    <subfield code="h">A&#xF1;o 4, N&#xBA; 7 - ene./jun. 2006</subfield>
    <subfield code="l">0</subfield>
    <subfield code="o">H34 ARD 7</subfield>
    <subfield code="p">R04120</subfield>
    <subfield code="r">2026-04-10 16:06:46</subfield>
    <subfield code="w">2026-04-10</subfield>
    <subfield code="y">RN</subfield>
  </datafield>
  <datafield tag="952" ind1=" " ind2=" ">
    <subfield code="0">0</subfield>
    <subfield code="1">0</subfield>
    <subfield code="4">0</subfield>
    <subfield code="7">0</subfield>
    <subfield code="a">BCEJYS</subfield>
    <subfield code="b">BCEJYS</subfield>
    <subfield code="c">17</subfield>
    <subfield code="d">2005-09-01</subfield>
    <subfield code="h">A&#xF1;o 3, N&#xBA; 6 - sep./dic. 2005</subfield>
    <subfield code="l">0</subfield>
    <subfield code="o">H34 ARD 6</subfield>
    <subfield code="p">R04119</subfield>
    <subfield code="r">2026-04-10 16:06:47</subfield>
    <subfield code="w">2026-04-10</subfield>
    <subfield code="y">RN</subfield>
  </datafield>
  <datafield tag="952" ind1=" " ind2=" ">
    <subfield code="0">0</subfield>
    <subfield code="1">0</subfield>
    <subfield code="4">0</subfield>
    <subfield code="7">0</subfield>
    <subfield code="a">BCEJYS</subfield>
    <subfield code="b">BCEJYS</subfield>
    <subfield code="c">17</subfield>
    <subfield code="d">2005-03-01</subfield>
    <subfield code="h">A&#xF1;o 3, N&#xBA; 5 - mar./jun. 2005</subfield>
    <subfield code="l">0</subfield>
    <subfield code="o">H34 ARD 5</subfield>
    <subfield code="p">R01778</subfield>
    <subfield code="r">2026-04-10 16:06:47</subfield>
    <subfield code="w">2026-04-10</subfield>
    <subfield code="y">RN</subfield>
  </datafield>
  <datafield tag="952" ind1=" " ind2=" ">
    <subfield code="0">0</subfield>
    <subfield code="1">0</subfield>
    <subfield code="4">0</subfield>
    <subfield code="7">0</subfield>
    <subfield code="a">BCEJYS</subfield>
    <subfield code="b">BCEJYS</subfield>
    <subfield code="c">17</subfield>
    <subfield code="d">2004-09-01</subfield>
    <subfield code="h">A&#xF1;o 2, N&#xBA; 4 - sep./dic. 2004</subfield>
    <subfield code="l">0</subfield>
    <subfield code="o">H34 ARD 4</subfield>
    <subfield code="p">R00003</subfield>
    <subfield code="r">2026-04-10 16:06:47</subfield>
    <subfield code="w">2026-04-10</subfield>
    <subfield code="y">RN</subfield>
  </datafield>
  <datafield tag="952" ind1=" " ind2=" ">
    <subfield code="0">0</subfield>
    <subfield code="1">0</subfield>
    <subfield code="4">0</subfield>
    <subfield code="7">0</subfield>
    <subfield code="a">BCEJYS</subfield>
    <subfield code="b">BCEJYS</subfield>
    <subfield code="c">17</subfield>
    <subfield code="d">2004-03-01</subfield>
    <subfield code="h">A&#xF1;o 2, N&#xBA; 3 - mar./jun. 2004</subfield>
    <subfield code="l">0</subfield>
    <subfield code="o">H34 ARD 3</subfield>
    <subfield code="p">R13660</subfield>
    <subfield code="r">2026-04-10 16:06:47</subfield>
    <subfield code="w">2026-04-10</subfield>
    <subfield code="y">RN</subfield>
  </datafield>
  <datafield tag="952" ind1=" " ind2=" ">
    <subfield code="0">0</subfield>
    <subfield code="1">0</subfield>
    <subfield code="4">0</subfield>
    <subfield code="7">0</subfield>
    <subfield code="a">BCEJYS</subfield>
    <subfield code="b">BCEJYS</subfield>
    <subfield code="c">17</subfield>
    <subfield code="d">2003-09-01</subfield>
    <subfield code="h">A&#xF1;o 1, N&#xBA; 2 - sep./dic. 2003</subfield>
    <subfield code="l">0</subfield>
    <subfield code="o">H34 ARD 2</subfield>
    <subfield code="p">R04118</subfield>
    <subfield code="r">2026-04-10 16:06:47</subfield>
    <subfield code="w">2026-04-10</subfield>
    <subfield code="y">RN</subfield>
  </datafield>
  <datafield tag="952" ind1=" " ind2=" ">
    <subfield code="0">0</subfield>
    <subfield code="1">0</subfield>
    <subfield code="4">0</subfield>
    <subfield code="7">0</subfield>
    <subfield code="a">BCEJYS</subfield>
    <subfield code="b">BCEJYS</subfield>
    <subfield code="c">17</subfield>
    <subfield code="d">2003-03-01</subfield>
    <subfield code="h">A&#xF1;o 1, N&#xBA; 1 - mar./jun. 2003</subfield>
    <subfield code="l">0</subfield>
    <subfield code="o">H34 ARD 1</subfield>
    <subfield code="p">R04117</subfield>
    <subfield code="r">2026-04-10 16:06:47</subfield>
    <subfield code="w">2026-04-10</subfield>
    <subfield code="y">RN</subfield>
  </datafield>
</record>
